Score 0/20 Timer 03:00
0 Plays Today
Hint Answer % Correct
UpHoney
96.6%
DownHawk
93.4%
RightThing
92.2%
DownOut
87.2%
DownHouse
82.9%
UpAir
82.2%
RightKids
79.5%
LeftFoot
74.7%
LeftElvis
72.1%
LeftLast
70%
Hint Answer % Correct
LeftGod
67.5%
UpBaby
62.8%
DownLane
61.8%
RightDudley
61%
RightMoves
60.6%
RightOne
56.1%
UpStand
39.2%
DownLove
30.7%
UpStreets
27.1%
LeftGun
8.2%

Today's Daily Dose

Remove Ads.
Support Sporcle.
Get the best of Sporcle when you Go Orange. This ad-free experience offers more features, more stats, and more fun while also helping to support Sporcle. Thank you for becoming a member.

You're not logged in!

Compare scores with friends on all Sporcle quizzes.
OR
Log In

Show Comments

Extras

Top Quizzes Today


Score Distribution

Your Account Isn't Verified!

In order to create a playlist on Sporcle, you need to verify the email address you used during registration. Go to your Sporcle Settings to finish the process.

Report this User

Report this user for behavior that violates our Community Guidelines.

Details: